| 000 | 00348nam a2200133Ia 4500 | ||
|---|---|---|---|
| 008 | 150202s9999 xx 000 0 und d | ||
| 020 | _a586208038 | ||
| 050 |
_aFIC _bFIC |
||
| 100 | _aLudlum, Robert. | ||
| 245 |
_aTrevayne / _cRobert Ludlum. |
||
| 260 |
_aLondon : _bGrafton Books, _c1989. |
||
| 300 |
_a530 pages : _c18 cm. |
||
| 650 | _aFiction. | ||
| 999 |
_c282215 _d282215 |
||